LEADER 01763oam 2200493zu 450 001 9910145625203321 005 20241212215418.0 010 $a9781509093892 010 $a1509093893 035 $a(CKB)1000000000278341 035 $a(SSID)ssj0000395970 035 $a(PQKBManifestationID)12171351 035 $a(PQKBTitleCode)TC0000395970 035 $a(PQKBWorkID)10473858 035 $a(PQKB)11340744 035 $a(EXLCZ)991000000000278341 100 $a20160829d2006 uy 101 0 $aeng 181 $ctxt 182 $cc 183 $acr 200 10$a2006 International Symposium on Power Electronics, Electrical Drives, Automation and Motion : Taormina, Italy, 23-26 May 2006 210 31$a[Place of publication not identified]$cIEEE$d2006 300 $aBibliographic Level Mode of Issuance: Monograph 311 08$a9781424401932 311 08$a1424401933 606 $aPower electronics$vCongresses 606 $aElectric driving$vCongresses 606 $aElectrical & Computer Engineering$2HILCC 606 $aEngineering & Applied Sciences$2HILCC 606 $aElectrical Engineering$2HILCC 615 0$aPower electronics 615 0$aElectric driving 615 7$aElectrical & Computer Engineering 615 7$aEngineering & Applied Sciences 615 7$aElectrical Engineering 676 $a621.31/7 712 02$aInstitute of Electrical and Electronics Engineers, 712 12$aInternational Symposium on Power Electronics, Electrical Drives, Automation and Motion. 801 0$bPQKB 906 $aPROCEEDING 912 $a9910145625203321 996 $a2006 International Symposium on Power Electronics, Electrical Drives, Automation and Motion : Taormina, Italy, 23-26 May 2006$92519557 997 $aUNINA